Aktuálny stav podnikateľského prostredia na Slovensku

Index podnikateľského prostredia, prostredníctvom ktorého štvrťročne hodnotí Podnikateľská aliancia Slovenska stav podnikateľského prostredia na Slovensku. Pohľad na vybrané zahraničné indexy, ktoré sa zaoberajú danou problematikou, a to Index vnímania korupcie a Index globálnej konkurencieschopnost...

Descrizione completa

Salvato in:
Dettagli Bibliografici
Autore principale: Meheš, Marek
Natura: Capitolo di libro
Lingua:slovacco
Soggetti:
Tags: Aggiungi Tag
Nessun Tag, puoi essere il primo ad aggiungerne!!

MARC

LEADER 00000naa a2200000 4500
001 0183836
005 20240502073140.4
041 0 |a slo 
044 |a SK 
245 1 0 |a Aktuálny stav podnikateľského prostredia na Slovensku  |c Marek Meheš 
520 |a Index podnikateľského prostredia, prostredníctvom ktorého štvrťročne hodnotí Podnikateľská aliancia Slovenska stav podnikateľského prostredia na Slovensku. Pohľad na vybrané zahraničné indexy, ktoré sa zaoberajú danou problematikou, a to Index vnímania korupcie a Index globálnej konkurencieschopnosti. 
610 2 0 |a prostredie podnikateľské 
610 2 0 |a Slovensko 
610 2 0 |a indexy 
610 2 0 |a korupcia 
100 1 |a Meheš, Marek